LEADER 01502nam a2200313 4500 001 000000354546 003 CaOOAMICUS 005 20230630152330.0 008 230630s2005 it 000 u ita r 020 $a88-498-1320-1 040 $aSeMil$bita 100 1 $aDuilio, Lino,$d<1951- >.$0(OLS)http://semarc/name/30903 245 13$aIl partito aperto e i suoi oppositori :$bovvero sulla crisi della politica e sulla morte e trasfigurazione dei partiti politici in Italia /$cLino Duilio ; prefazione di Antonio Maccanico. 264 1$aSoveria Mannelli :$bRubbettino,$c2005. 300 $a80 p. ;$c21 cm 490 1 $aIl colibrì 541 0 $aFondo card. C.M. Martini (3N II 680) 650 4$aItalia - Politica - Sec. 20.$0(OLS)http://semarc/subject/2745 650 4$aPartiti - Italia.$0(OLS)http://semarc/subject/39059 700 1 $aMaccanico, Antonio,$d<1924-2013>.$0(OLS)http://semarc/name/117843 830 3$aIl colibrì.$0(OLS)http://semarc/title/10119 850 $aSeMil 852 $aSeMil$W1$xVenegono$y1$m3N II 680$j241876$B245800$CSeMilBibl$Z2$F245800 $81 941 1 $a4 961 $aFondo card. C.M. Martini 996 $6020$a88-498-1320-1$9(OLS)http://semarc/number/218113 996 $6245$aIl partito aperto e i suoi oppositori :$bovvero sulla crisi della politica e sulla morte e trasfigurazione dei partiti politici in Italia$9(OLS)http://semarc/title/315362 996 $6264$aSoveria Mannelli :$bRubbettino$9(OLS)http://semarc/publisher/32145 LEADER 01270nam a2200253 i 4500 001 000000046277 003 CaOOAMICUS 005 20090908000000.0 008 090908s1974 it u000 u ita u 013 $a17447 040 $aSeMil$bita 110 2 $aConferenza Episcopale Italiana.$0(OLS)http://semarc/name/95789 245 10$aAtti della 11. Assemblea Generale :$bRoma, 3-8 giugno 1974 /$cConferenza Episcopale Italiana. 250 $aEd. riservata ai Vescovi. 260 $a[S.l. :$bs.n.],$c[1974?]$e(Roma :$fArti Grafiche Tris ,$g[1974?]) 300 $a367 p. ;$c22 cm. 650 4$aConferenza Episcopale Italiana.$0(OLS)http://semarc/subject/657 711 2 $aConferenza Episcopale Italiana : Assemblea Generale <11. ;1974 ; Roma>.$0(OLS)http://semarc/name/22996 773 0 $aConferenza Episcopale Italiana$tAtti delle Assemblee generali della CEI.$dMilano : Àncora, 1966-$k[Atti delle Assemblee generali della CEI]$g11$w()28764 850 $aSeMil 852 $aSeMil$W1$xVenegono$y1$m2BA B 11$j256007$B12432$CSeMilBibl$Z2$F12432 $81 961 $aOmaggio: Citterio Ecc. Bernardo 996 $6245$aAtti della 11. Assemblea Generale :$bRoma, 3-8 giugno 1974$9(OLS)http://semarc/title/69123 996 $6260$a[S.l. :$bs.n.]$9(OLS)http://semarc/publisher/29751